<?xml version="1.0" encoding="UTF-8"?>
<marc:record xmlns:marc="http://www.loc.gov/MARC21/slim">
   <marc:leader>00000nam a2200000 a 4500</marc:leader>
   <marc:datafield ind1="1" ind2=" " tag="100">
      <marc:subfield code="a">Luc Jacquet</marc:subfield>
   </marc:datafield>
   <marc:datafield ind1=" " ind2=" " tag="653">
      <marc:subfield code="a">Tier</marc:subfield>
   </marc:datafield>
   <marc:datafield ind1=" " ind2=" " tag="653">
      <marc:subfield code="a">Baum</marc:subfield>
   </marc:datafield>
   <marc:datafield ind1=" " ind2=" " tag="653">
      <marc:subfield code="a">Wald</marc:subfield>
   </marc:datafield>
   <marc:datafield ind1=" " ind2=" " tag="653">
      <marc:subfield code="a">Dokumentation</marc:subfield>
   </marc:datafield>
   <marc:datafield ind1="0" ind2="0" tag="245">
      <marc:subfield code="a">Das Geheimnis der Bäume</marc:subfield>
   </marc:datafield>
   <marc:datafield ind1=" " ind2="1" tag="264">
      <marc:subfield code="b">Weltkino (Im Vertrieb von LEONINE)</marc:subfield>
      <marc:subfield code="c">2017</marc:subfield>
   </marc:datafield>
   <marc:datafield ind1="1" ind2=" " tag="520">
      <marc:subfield code="a">"'Das Geheimnis der Bäume' ist ein faszinierender Dokumentarfilm über das Wunderwerk Baum, in dem Sie der Botaniker Francis Hallé auf eine magische Reise zum Ursprung des Lebens begleitet. Vom ersten Wachsen des Urwaldes bis hin zur Entwicklung der einzigartigen Verbindung zwischen Pflanzen und Tieren entfalten sich nicht weniger als sieben Jahrhunderte vor den Augen des Zuschauers, der Zeuge eines der größten Naturwunder wird. Derjenige, der glaubt, Bäume seien reglos, wortlos und harmlos, wird mit diesem beeindruckenden Film überrascht. Danach werden Sie Bäume mit anderen Augen sehen! Nach "Die Reise der Pinguine" offenbart Oscar-Preisträger Luc Jacquet mit seinem neuen Film "Das Geheimnis der Bäume" eine weitere faszinierende Welt - den prähistorischen Regenwald. Inspiriert wurde er von dem renommierten Botaniker Francis Hallé, der durch den Film führt - zeichnend, beobachtend, staunend ..." (Verlagstext). 
</marc:subfield>
   </marc:datafield>
   <marc:datafield ind1=" " ind2=" " tag="020">
      <marc:subfield code="a">9789854692890</marc:subfield>
      <marc:subfield code="9">9789854692890</marc:subfield>
   </marc:datafield>
   <marc:datafield ind1=" " ind2=" " tag="300">
      <marc:subfield code="a">DVD, 75 Minuten</marc:subfield>
   </marc:datafield>
</marc:record>
